000 00687nam a2200265Ia 4500
001 18613
005 20240113235852.0
007 ta
008 060120s1952 a g b000 u 465 u
040 _aCotton College,Assam
041 _a465
082 _a572.981
_bUn 2 R
100 _aWagley, Charles .
245 0 _aRace and Class in Rural Brazil /
_cCharles Wagley.
_hTextual Documents
250 _a1st ed. /
260 _aParis :
_bUNESCO ,
_cC1952.
300 _a160p. :
_bill ;
_c21cm .
504 _aBib.
653 _aAnthropology
653 _aBrazil-Race and Class
653 _aG-Anthropology
942 _2ddc
_cBK
999 _c18595
_d18595